[Event "CRO-chT2 Ost"]
[Site "Croatia"]
[Date "2016.04.17"]
[Round "3.62"]
[White "Vince, Renato"]
[Black "Pavlovic, Dragan"]
[Result "0-1"]
[WhiteElo "2135"]
[BlackElo "2253"]
[PlyCount "66"]
[EventDate "2016.04.16"]
[EventType "team-tourn"]
[EventRounds "11"]
[EventCountry "CRO"]
[SourceTitle "EXT 2019"]
[Source "ChessBase"]
[SourceDate "2018.10.10"]
[SourceVersion "1"]
[SourceVersionDate "2018.10.10"]
[SourceQuality "1"]

1. c4 Nf6 2. Nc3 g6 3. g3 Bg7 4. Bg2 0-0 5. e3 e5 6. Nge2 c6 7. d4 exd4 8. Nxd4 d5 9. cxd5 cxd5 10. Qb3 Nc6 11. 0-0 Na5 12. Qc2 a6 13. b3 Bg4 14. h3 Bd7 15. Bb2 Rc8 16. Qd2 Nc6 17. Kh2 Nxd4 18. exd4 Bf5 19. Rfe1 Qd6 20. Rac1 h5 21. h4 b5 22. a3 Rfe8 23. Rxe8+ Rxe8 24. b4 Bh6 25. f4 Ng4+ 26. Kg1 Re3 27. Nxd5 Rxg3 28. Qe1 Rxg2+ 29. Kxg2 Qxd5+ 30. Kg3 Kh7 31. Qe2 Qd6 32. Rf1 Nf6 33. Qe5 Ne4+ 0-1

[Event "CRO-chT2 Ost"]
[Site "Croatia"]
[Date "2016.04.16"]
[Round "2.12"]
[White "Pavlovic, Dragan"]
[Black "Milurovic, Uros"]
[Result "1-0"]
[WhiteElo "2253"]
[BlackElo "2098"]
[PlyCount "83"]
[EventDate "2016.04.16"]
[EventType "team-tourn"]
[EventRounds "11"]
[EventCountry "CRO"]
[SourceTitle "EXT 2019"]
[Source "ChessBase"]
[SourceDate "2018.10.10"]
[SourceVersion "1"]
[SourceVersionDate "2018.10.10"]
[SourceQuality "1"]

1. d4 Nf6 2. Nf3 e6 3. Bg5 h6 4. Bh4 c5 5. e3 cxd4 6. exd4 Be7 7. Bd3 b6 8. 0-0 Bb7 9. Re1 d6 10. c4 Nbd7 11. Nc3 0-0 12. Rc1 Re8 13. b4 a6 14. a4 Rc8 15. Qe2 Qc7 16. Nd2 e5 17. Bxf6 Bxf6 18. Nd5 Bxd5 19. cxd5 Qxc1 20. Rxc1 Rxc1+ 21. Nf1 Ra1 22. Bxa6 Re7 23. Qb2 Rxa4 24. Bb5 Ra7 25. dxe5 Rxe5 26. Qd2 Re7 27. g3 Ne5 28. Kg2 Nd7 29. Ne3 Bg5 30. f4 Bf6 31. Nf5 Re4 32. Bd3 Re8 33. Nxd6 Rea8 34. Bc4 Ra3 35. Nb5 Ra1 36. d6 Rb1 37. Qd5 Rf8 38. Na7 Rxb4 39. Nc6 Rb2+ 40. Kh3 Nc5 41. Ne7+ Kh8 42. Qf5 1-0

[Event "CRO-chT2 Ost"]
[Site "Croatia"]
[Date "2015.10.25"]
[Round "10.31"]
[White "Pavlovic, Dragan"]
[Black "Spoljar, Marijan"]
[Result "1/2-1/2"]
[WhiteElo "2227"]
[BlackElo "2235"]
[PlyCount "107"]
[EventDate "2015.04.25"]
[EventType "team-tourn"]
[EventRounds "11"]
[EventCountry "CRO"]
[SourceTitle "EXT 2016"]
[Source "ChessBase"]
[SourceDate "2015.10.08"]
[SourceVersion "1"]
[SourceVersionDate "2015.10.08"]
[SourceQuality "1"]

1. d4 d5 2. Nf3 Nf6 3. g3 e6 4. Bg2 Be7 5. 0-0 0-0 6. c4 c6 7. b3 Nbd7 8. Bb2 b6 9. Nc3 Bb7 10. Ne5 Nxe5 11. dxe5 Nd7 12. cxd5 cxd5 13. e4 dxe4 14. Nxe4 Bxe4 15. Bxe4 Rc8 16. Qh5 g6 17. Qe2 Qc7 18. Rac1 Qb8 19. Bb1 Rxc1 20. Rxc1 Rc8 21. Rd1 Rd8 22. h4 Nc5 23. Rc1 a5 24. h5 Rd5 25. hxg6 hxg6 26. Bc3 Qd8 27. Bc2 Nd3 28. Rd1 Nb4 29. Rxd5 Nxd5 30. Bb2 Bc5 31. Kg2 Qg5 32. Kf1 Qh6 33. Be4 Qh3+ 34. Bg2 Qf5 35. Bxd5 exd5 36. Kg2 d4 37. g4 d3 38. Qf3 Qxf3+ 39. Kxf3 d2 40. Ke2 Bxf2 41. Kxd2 Kf8 42. Kd3 Ke7 43. a4 Kd7 44. Ke4 Kc6 45. e6 fxe6 46. Ke5 b5 47. Kf6 bxa4 48. bxa4 Kd5 49. Kxg6 Bb6 50. Bc1 e5 51. Kf5 Bd8 52. Bb2 e4 53. Bc3 Kc4 54. Bxa5 1/2-1/2

[Event "CRO-chT2 Ost"]
[Site "Croatia"]
[Date "2015.05.10"]
[Round "6.51"]
[White "Pavlovic, Dragan"]
[Black "Maras, Mile"]
[Result "1-0"]
[WhiteElo "2222"]
[BlackElo "2227"]
[PlyCount "103"]
[EventDate "2015.04.25"]
[EventType "team-tourn"]
[EventRounds "11"]
[EventCountry "CRO"]
[SourceTitle "EXT 2016"]
[Source "ChessBase"]
[SourceDate "2015.10.08"]
[SourceVersion "1"]
[SourceVersionDate "2015.10.08"]
[SourceQuality "1"]

1. d4 Nf6 2. Nf3 d5 3. g3 g6 4. Bg2 Bg7 5. 0-0 0-0 6. c3 Nbd7 7. Nbd2 c6 8. Re1 e5 9. dxe5 Ng4 10. e4 Ndxe5 11. Nxe5 Nxe5 12. exd5 cxd5 13. Nb3 Re8 14. Bf4 Bg4 15. Qxd5 Qxd5 16. Bxd5 Nf3+ 17. Bxf3 Bxf3 18. Re3 Rxe3 19. Bxe3 b6 20. Bd4 Re8 21. Bxg7 Kxg7 22. Nd4 Bb7 23. f3 h5 24. Kf2 Kf6 25. Re1 Rd8 26. h4 Bd5 27. a4 Be6 28. Nxe6 fxe6 29. Ke2 Rd5 30. Rd1 Ra5 31. Rd4 g5 32. b3 gxh4 33. Rxh4 Rg5 34. Kf2 b5 35. Rf4+ Ke7 36. Rb4 bxa4 37. Rxa4 a5 38. c4 Kd6 39. Ra1 Rc5 40. Rd1+ Ke7 41. f4 a4 42. bxa4 Rxc4 43. Ra1 Rc6 44. a5 Ra6 45. Ke3 Kf6 46. Ke4 Kg6 47. Ke5 Kf7 48. Kd4 Kf6 49. Kc5 Kf5 50. Kb5 Ra8 51. a6 Rb8+ 52. Kc6 1-0

[Event "CRO-chT2 Ost"]
[Site "Croatia"]
[Date "2015.04.26"]
[Round "3.11"]
[White "Pavlovic, Dragan"]
[Black "Sulc, Damir"]
[Result "1-0"]
[WhiteElo "2222"]
[BlackElo "2219"]
[PlyCount "59"]
[EventDate "2015.04.25"]
[EventType "team-tourn"]
[EventRounds "11"]
[EventCountry "CRO"]
[SourceTitle "EXT 2016"]
[Source "ChessBase"]
[SourceDate "2015.10.08"]
[SourceVersion "1"]
[SourceVersionDate "2015.10.08"]
[SourceQuality "1"]

1. d4 Nf6 2. Nf3 e6 3. Bg5 h6 4. Bxf6 Qxf6 5. e4 d6 6. Bd3 e5 7. d5 Bg4 8. Nbd2 g6 9. h3 Bxf3 10. Nxf3 Bg7 11. Bb5+ c6 12. dxc6 bxc6 13. Qd5 0-0 14. Bxc6 Nxc6 15. Qxc6 Rac8 16. Qa4 d5 17. 0-0 Qf4 18. Qxa7 Rxc2 19. exd5 e4 20. Nd4 Rxb2 21. Nc6 Kh8 22. Rad1 Re2 23. d6 e3 24. d7 Bf6 25. d8Q Bxd8 26. Nxd8 Rxf2 27. Qd4+ Qxd4 28. Rxd4 Rxa2 29. Nxf7+ Kg7 30. Rd7 1-0

[Event "CRO-chT2 Ost"]
[Site "Croatia"]
[Date "2015.04.25"]
[Round "1.21"]
[White "Pavlovic, Dragan"]
[Black "Brkic, Ante"]
[Result "0-1"]
[WhiteElo "2222"]
[BlackElo "2586"]
[PlyCount "40"]
[EventDate "2015.04.25"]
[EventType "team-tourn"]
[EventRounds "11"]
[EventCountry "CRO"]
[SourceTitle "EXT 2016"]
[Source "ChessBase"]
[SourceDate "2015.10.08"]
[SourceVersion "1"]
[SourceVersionDate "2015.10.08"]
[SourceQuality "1"]

1. d4 Nf6 2. Nf3 d5 3. g3 g6 4. Bg2 Bg7 5. 0-0 0-0 6. Bf4 c5 7. c3 Nc6 8. dxc5 a5 9. Nd4 Nh5 10. Be3 e5 11. Nb5 Be6 12. Nd6 e4 13. Qa4 f5 14. f4 exf3 15. Bxf3 f4 16. gxf4 Qh4 17. Nxb7 Ne5 18. Nd2 Ng4 19. Bxg4 Qxg4+ 20. Kf2 Nxf4 0-1

[Event "CRO-chT2 East"]
[Site "Croatia"]
[Date "2014.05.10"]
[Round "4.34"]
[White "Majeric, Zoran"]
[Black "Pavlovic, Dragan"]
[Result "1/2-1/2"]
[WhiteElo "2259"]
[BlackElo "2270"]
[PlyCount "61"]
[EventDate "2014.04.26"]
[EventType "team-tourn"]
[EventRounds "11"]
[EventCountry "CRO"]
[SourceTitle "EXT 2019"]
[Source "ChessBase"]
[SourceDate "2018.10.10"]
[SourceVersion "1"]
[SourceVersionDate "2018.10.10"]
[SourceQuality "1"]

1. Nf3 Nf6 2. b3 g6 3. Bb2 Bg7 4. e3 0-0 5. Be2 d6 6. 0-0 e5 7. d4 e4 8. Nfd2 d5 9. c4 c6 10. Nc3 a6 11. a4 Bf5 12. Re1 Re8 13. Nf1 Nbd7 14. Ng3 Be6 15. cxd5 cxd5 16. f3 exf3 17. Bxf3 Nf8 18. Qd2 Kh8 19. b4 Rc8 20. a5 h6 21. Na4 N8d7 22. Nc5 Nxc5 23. dxc5 Kh7 24. Rad1 Qe7 25. e4 dxe4 26. Nxe4 Nxe4 27. Bxe4 Bxb2 28. Qxb2 Rcd8 29. Rxd8 Rxd8 30. g3 Qd7 31. Qf6 1/2-1/2

[Event "CRO-chT2 East"]
[Site "Croatia"]
[Date "2014.04.27"]
[Round "3.43"]
[White "Dulic, Grgur"]
[Black "Pavlovic, Dragan"]
[Result "1-0"]
[WhiteElo "2234"]
[BlackElo "2270"]
[PlyCount "59"]
[EventDate "2014.04.26"]
[EventType "team-tourn"]
[EventRounds "11"]
[EventCountry "CRO"]
[SourceTitle "EXT 2019"]
[Source "ChessBase"]
[SourceDate "2018.10.10"]
[SourceVersion "1"]
[SourceVersionDate "2018.10.10"]
[SourceQuality "1"]

1. e4 c5 2. Nf3 Nc6 3. d4 cxd4 4. Nxd4 Nf6 5. Nc3 e5 6. Ndb5 d6 7. Bg5 a6 8. Na3 Be6 9. Nc4 Rc8 10. Nd5 Bxd5 11. Bxf6 gxf6 12. Qxd5 b5 13. Ne3 Ne7 14. Qd3 Bh6 15. c3 Bxe3 16. fxe3 Qb6 17. Be2 Rd8 18. 0-0 d5 19. Rad1 Rg8 20. Kh1 Rg5 21. exd5 Rxd5 22. Qxh7 Rxd1 23. Rxd1 Qc6 24. Bf3 Qe6 25. Bh5 Nc6 26. e4 Qxa2 27. h4 Rg3 28. Kh2 Re3 29. Bg4 Qc4 30. Qg8+ 1-0

[Event "CRO-chT2 East"]
[Site "Osijek"]
[Date "2013.05.12"]
[Round "6.23"]
[White "Grguric, Damir"]
[Black "Pavlovic, Dragan"]
[Result "1/2-1/2"]
[WhiteElo "1981"]
[BlackElo "2292"]
[PlyCount "65"]
[EventDate "2013.04.20"]
[EventType "team-tourn"]
[EventRounds "11"]
[EventCountry "CRO"]
[SourceTitle "EXT 2023"]
[Source "ChessBase"]
[SourceDate "2022.10.05"]
[SourceVersion "1"]
[SourceVersionDate "2022.10.05"]
[SourceQuality "1"]

1. d4 Nf6 2. Nf3 g6 3. c4 Bg7 4. Nc3 0-0 5. e3 d6 6. h3 Nbd7 7. Bd3 e5 8. 0-0 Re8 9. Bc2 c6 10. dxe5 dxe5 11. b3 Qc7 12. Bb2 e4 13. Nd2 Nc5 14. Rb1 h5 15. Qe2 Bf5 16. b4 Ncd7 17. Nb3 Ne5 18. Nd4 Bxh3 19. gxh3 Neg4 20. hxg4 Nxg4 21. f4 exf3 22. Rxf3 Rxe3 23. Nd5 cxd5 24. Rxe3 Qf4 25. Re8+ Rxe8 26. Qxe8+ Kh7 27. Qe2 Qg3+ 28. Qg2 Qe3+ 29. Kf1 Qf4+ 30. Kg1 Qe3+ 31. Kf1 Qf4+ 32. Kg1 Qe3+ 33. Kf1 1/2-1/2

[Event "CRO-chT2 East"]
[Site "Osijek"]
[Date "2013.05.11"]
[Round "4.14"]
[White "Pavlovic, Dragan"]
[Black "Feltan, Mario"]
[Result "1-0"]
[WhiteElo "2292"]
[BlackElo "2109"]
[PlyCount "95"]
[EventDate "2013.04.20"]
[EventType "team-tourn"]
[EventRounds "11"]
[EventCountry "CRO"]
[SourceTitle "EXT 2023"]
[Source "ChessBase"]
[SourceDate "2022.10.05"]
[SourceVersion "1"]
[SourceVersionDate "2022.10.05"]
[SourceQuality "1"]

1. d4 d5 2. Nf3 Nf6 3. c3 c6 4. Bg5 Bf5 5. Nbd2 Nbd7 6. e3 e6 7. Ne5 Be7 8. g4 Bg6 9. h4 h6 10. Nxg6 fxg6 11. Bf4 Nf8 12. Bd3 Bd6 13. Bxd6 Qxd6 14. f4 0-0-0 15. Qf3 Ng8 16. Qg3 Ne7 17. Nf3 Nd7 18. 0-0 Kb8 19. Ne5 Rhf8 20. Nxg6 Nxg6 21. Bxg6 e5 22. f5 Kc7 23. Rae1 exd4 24. Qxd6+ Kxd6 25. exd4 Nf6 26. Re6+ Kc7 27. Rf4 Rd6 28. Rxd6 Kxd6 29. Kg2 a5 30. Kh3 Ne4 31. Rf1 b5 32. Re1 b4 33. c4 a4 34. c5+ Kd7 35. Kg2 a3 36. bxa3 Ra8 37. f6 Nxf6 38. Bf5+ Kd8 39. axb4 Rxa2+ 40. Kf3 Rd2 41. Ke3 Rb2 42. Kf4 Rxb4 43. Ke5 Ke7 44. Ra1 Rb7 45. Ra8 Rc7 46. g5 hxg5 47. hxg5 Nh5 48. Ra3 1-0

[Event "CRO-chT2 East"]
[Site "Osijek"]
[Date "2013.04.20"]
[Round "2.23"]
[White "Pavlovic, Dragan"]
[Black "Spoljar, Marijan"]
[Result "1-0"]
[WhiteElo "2292"]
[BlackElo "2240"]
[PlyCount "65"]
[EventDate "2013.04.20"]
[EventType "team-tourn"]
[EventRounds "11"]
[EventCountry "CRO"]
[SourceTitle "EXT 2023"]
[Source "ChessBase"]
[SourceDate "2022.10.05"]
[SourceVersion "1"]
[SourceVersionDate "2022.10.05"]
[SourceQuality "1"]

1. d4 Nf6 2. Nf3 g6 3. Bg5 Bg7 4. Nbd2 d5 5. e3 0-0 6. Be2 c5 7. c3 Qb6 8. Qc1 Bf5 9. 0-0 Nbd7 10. h3 Rfe8 11. Nh4 Be6 12. Bf4 Rac8 13. a4 a6 14. a5 Qd8 15. Qd1 Ne4 16. Nxe4 dxe4 17. d5 Bf5 18. g4 e5 19. Bg3 Qg5 20. gxf5 Rcd8 21. fxg6 f5 22. gxh7+ Kxh7 23. Ng2 Rf8 24. Bh4 Qh6 25. Bxd8 Rxd8 26. Kh2 Nf6 27. c4 f4 28. exf4 exf4 29. f3 Nh5 30. fxe4 f3 31. Rxf3 Be5+ 32. Kh1 Rf8 33. Raa3 1-0

[Event "CRO-chT2 East"]
[Site "Osijek"]
[Date "2013.04.20"]
[Round "1.53"]
[White "Skelac, Darko"]
[Black "Pavlovic, Dragan"]
[Result "0-1"]
[WhiteElo "2136"]
[BlackElo "2292"]
[PlyCount "96"]
[EventDate "2013.04.20"]
[EventType "team-tourn"]
[EventRounds "11"]
[EventCountry "CRO"]
[SourceTitle "EXT 2023"]
[Source "ChessBase"]
[SourceDate "2022.10.05"]
[SourceVersion "1"]
[SourceVersionDate "2022.10.05"]
[SourceQuality "1"]

1. e4 c5 2. Nf3 Nc6 3. d4 cxd4 4. Nxd4 Nf6 5. Nc3 e5 6. Ndb5 d6 7. Bg5 a6 8. Na3 Be6 9. Nc4 Rc8 10. Ne3 Be7 11. Bxf6 Bxf6 12. Ncd5 Bg5 13. c3 0-0 14. Be2 g6 15. g3 f5 16. exf5 gxf5 17. h4 Bxe3 18. Nxe3 d5 19. 0-0 f4 20. Bg4 Bxg4 21. Nxg4 Kh8 22. Kh1 Qd7 23. Rg1 d4 24. Nh2 Qd5+ 25. f3 fxg3 26. Rxg3 Rf4 27. Rg4 Rxg4 28. Nxg4 Rf8 29. Nh2 e4 30. Qe2 exf3 31. Qf2 Rf4 32. Re1 Ne5 33. cxd4 Rxd4 34. Rc1 Rd1+ 35. Rxd1 Qxd1+ 36. Qf1 Qe2 37. Kg1 Qe3+ 38. Qf2 Qc1+ 39. Nf1 Qf4 40. Qe3 Qg4+ 41. Kf2 Qxh4+ 42. Kg1 Qg4+ 43. Kf2 Qg2+ 44. Ke1 Qxb2 45. Qe4 Qa1+ 46. Kf2 Qxa2+ 47. Kg3 Qg2+ 48. Kf4 Ng6+ 0-1

[Event "Vukovar Srijem CupT 6th"]
[Site "Tompojevci"]
[Date "2013.03.08"]
[Round "1.1"]
[White "Pavlovic, Dragan"]
[Black "Leakovic, Ivica"]
[Result "1/2-1/2"]
[WhiteElo "2292"]
[BlackElo "2140"]
[PlyCount "112"]
[EventDate "2013.03.08"]
[EventType "team-swiss"]
[EventRounds "5"]
[EventCountry "CRO"]
[SourceTitle "EXT 2014"]
[Source "ChessBase"]
[SourceDate "2013.11.20"]
[SourceVersion "1"]
[SourceVersionDate "2013.11.20"]
[SourceQuality "1"]
[WhiteTeam "Sloga Pacetin"]
[BlackTeam "Bosnjaci"]
[WhiteTeamCountry "CRO"]
[BlackTeamCountry "CRO"]

1. d4 d5 2. Nf3 Nf6 3. Bg5 e6 4. Nbd2 Be7 5. e3 Nbd7 6. Bd3 h6 7. Bh4 0-0 8. 0-0 b6 9. c4 Bb7 10. Rc1 c5 11. cxd5 Nxd5 12. Bg3 cxd4 13. exd4 N7f6 14. Nc4 Rc8 15. a3 Nh5 16. Be5 Nhf4 17. Be4 Ba6 18. Nfd2 Bf6 19. Qf3 Bxe5 20. dxe5 Qc7 21. Rc2 Qe7 22. Rfc1 Rc7 23. Bxd5 Nxd5 24. Nd6 Rxc2 25. Rxc2 Qg5 26. Qg3 Qh5 27. Nf3 Bd3 28. Rd2 Qg6 29. Nd4 Qxg3 30. hxg3 Bg6 31. f4 h5 32. Nc6 a5 33. f5 Bh7 34. Rxd5 exd5 35. e6 fxe6 36. fxe6 Ra8 37. e7 Bg6 38. Kf2 Be8 39. Nd4 g6 40. Ne6 Ra7 41. Nxe8 Rxe7 42. N8c7 d4 43. Kf3 d3 44. Ke3 Kf7 45. Kxd3 Rxe6 46. Nxe6 Kxe6 47. Kc4 Kf5 48. Kb5 Kg4 49. Kxb6 Kxg3 50. Kxa5 Kxg2 51. b4 h4 52. b5 h3 53. b6 h2 54. b7 h1Q 55. b8Q Qe1+ 56. Qb4 Qe5+ 1/2-1/2

[Event "CRO-chT2 East"]
[Site "Croatia"]
[Date "2011.10.16"]
[Round "9"]
[White "Tomasic, Dragutin"]
[Black "Pavlovic, Dragan"]
[Result "1/2-1/2"]
[WhiteElo "2050"]
[BlackElo "2298"]
[PlyCount "41"]
[EventDate "2011.04.02"]
[EventType "tourn"]
[EventRounds "11"]
[EventCountry "CRO"]
[SourceTitle "EXT 2014"]
[Source "ChessBase"]
[SourceDate "2013.11.20"]
[SourceVersion "1"]
[SourceVersionDate "2013.11.20"]
[SourceQuality "1"]

1. Nf3 Nf6 2. c4 g6 3. Nc3 Bg7 4. g3 0-0 5. Bg2 d6 6. 0-0 e5 7. d3 c5 8. Bg5 h6 9. Bd2 Nc6 10. Qc1 Kh7 11. Rb1 Be6 12. a3 a5 13. h3 Qd7 14. Kh2 a4 15. Nd5 Nxd5 16. cxd5 Bxd5 17. Ng5+ hxg5 18. Bxd5 g4 19. hxg4 Nd4 20. e3 Nb3 21. Qd1 1/2-1/2

[Event "CRO-chT2 East"]
[Site "Croatia"]
[Date "2011.04.02"]
[Round "1"]
[White "Pavlovic, Dragan"]
[Black "Ljikar, Zoran"]
[Result "1/2-1/2"]
[WhiteElo "2298"]
[BlackElo "2193"]
[PlyCount "69"]
[EventDate "2011.04.02"]
[EventType "tourn"]
[EventRounds "11"]
[EventCountry "CRO"]
[SourceTitle "EXT 2014"]
[Source "ChessBase"]
[SourceDate "2013.11.20"]
[SourceVersion "1"]
[SourceVersionDate "2013.11.20"]
[SourceQuality "1"]

1. d4 Nf6 2. Nf3 d5 3. Bg5 Ne4 4. Bf4 c5 5. e3 Nc6 6. c3 Qb6 7. Qb3 c4 8. Qc2 Bf5 9. Nh4 Bg6 10. Nxg6 hxg6 11. f3 Nf6 12. Nd2 Nh5 13. 0-0-0 Nxf4 14. exf4 Qc7 15. g3 e6 16. h4 0-0-0 17. Bh3 Kb8 18. Rde1 Bd6 19. Kb1 Ka8 20. Ka1 b5 21. Re2 Rb8 22. Rb1 Rb6 23. b3 Ra6 24. bxc4 bxc4 25. Rb5 Rb6 26. Rb1 Ra6 27. Rb5 Rb6 28. Rb1 Ra6 29. Rb5 Rb8 30. Rxb8+ Qxb8 31. Re1 Ra3 32. Nb1 Ra6 33. Nd2 Ra3 34. Nb1 Ra6 35. Nd2 1/2-1/2

[Event "CRO-Cup 19th"]
[Site "Sibenik"]
[Date "2010.05.19"]
[Round "1"]
[White "Pavlovic, Dragan"]
[Black "Galic, Ivan"]
[Result "1-0"]
[WhiteElo "2237"]
[BlackElo "2396"]
[PlyCount "53"]
[EventDate "2010.05.19"]
[EventType "team-tourn"]
[EventRounds "6"]
[EventCountry "CRO"]
[SourceTitle "CBM 136 Extra"]
[Source "ChessBase"]
[SourceDate "2010.07.02"]
[SourceVersion "2"]
[SourceVersionDate "2010.07.15"]
[SourceQuality "1"]

1. d4 d5 2. Nf3 Nf6 3. Bg5 Nbd7 4. Nbd2 h6 5. Bh4 c6 6. e3 Qb6 7. Rb1 e6 8. Bd3 c5 9. c3 Be7 10. 0-0 0-0 11. Ne5 Bd6 12. f4 Ne8 13. Kh1 f6 14. Ng6 Rf7 15. Qh5 f5 16. Ne5 Bxe5 17. fxe5 Nf8 18. g4 Qc7 19. gxf5 cxd4 20. exd4 Qa5 21. f6 Qc7 22. fxg7 Nxg7 23. Qxh6 Nf5 24. Bxf5 exf5 25. Bf6 Rh7 26. Rg1+ Kf7 27. Rg7+ 1-0

[Event "Borovo op"]
[Site "Borovo"]
[Date "2010.01.04"]
[Round "4"]
[White "Mrgan, Franjo"]
[Black "Pavlovic, Dragan"]
[Result "0-1"]
[WhiteElo "1890"]
[BlackElo "2255"]
[PlyCount "50"]
[EventDate "2010.01.02"]
[EventType "swiss"]
[EventRounds "9"]
[EventCountry "CRO"]
[SourceTitle "CBM 134 Extra"]
[Source "ChessBase"]
[SourceDate "2010.03.03"]
[SourceVersion "1"]
[SourceVersionDate "2010.03.03"]
[SourceQuality "1"]

1. e4 c5 2. Nf3 Nc6 3. d4 cxd4 4. Nxd4 Nf6 5. Nxc6 bxc6 6. Nc3 e5 7. Bc4 Bb4 8. Bg5 h6 9. Bxf6 Qxf6 10. 0-0 0-0 11. Ne2 Rd8 12. c3 Bc5 13. Ng3 Bb7 14. b4 Bb6 15. Qb3 d5 16. Be2 g6 17. Rad1 h5 18. Bf3 h4 19. Ne2 d4 20. c4 h3 21. g3 d3 22. Rxd3 Rxd3 23. Qxd3 Rd8 24. Qc3 Ba6 25. Bg4 Qxf2+ 0-1

[Event "CRO-chT2c"]
[Site "Croatia"]
[Date "2009.11.08"]
[Round "11"]
[White "Pavlovic, Dragan"]
[Black "Skelac, Darko"]
[Result "1/2-1/2"]
[WhiteElo "2253"]
[BlackElo "2158"]
[PlyCount "89"]
[EventDate "2009.04.04"]
[EventType "team-tourn"]
[EventRounds "11"]
[EventCountry "CRO"]
[SourceTitle "EXT 2011"]
[Source "ChessBase"]
[SourceDate "2010.11.26"]
[SourceVersion "1"]
[SourceVersionDate "2010.11.26"]
[SourceQuality "1"]

1. d4 Nf6 2. Nf3 e6 3. Bg5 Be7 4. Nbd2 d5 5. e3 Nbd7 6. Bd3 h6 7. Bh4 b6 8. c3 Bb7 9. Ne5 0-0 10. f4 Ne4 11. Bxe7 Qxe7 12. Ndf3 Nxe5 13. fxe5 Ng5 14. 0-0 Nxf3+ 15. Rxf3 f5 16. exf6 Rxf6 17. Rxf6 Qxf6 18. Qg4 Rf8 19. Rf1 Qe7 20. Rxf8+ Kxf8 21. Bg6 Ba6 22. h4 Bb5 23. e4 Bd3 24. exd5 Bxg6 25. Qxg6 exd5 26. Qf5+ Qf7 27. Qe5 Qe7 28. Qf4+ Qf7 29. Qg3 a5 30. Kh2 Kg8 31. Qe5 Kh8 32. Kh3 Kh7 33. h5 g6 34. hxg6+ Kxg6 35. Qg3+ Kh7 36. Qg4 c5 37. Kg3 Qc7+ 38. Qf4 Qg7+ 39. Kf3 Qd7 40. Qf6 cxd4 41. cxd4 b5 42. Kf4 Qc7+ 43. Kf3 Qc4 44. Qf7+ Kh8 45. Qf8+ 1/2-1/2

[Event "CRO-chT2c"]
[Site "Croatia"]
[Date "2009.04.04"]
[Round "1"]
[White "Pavlovic, Dragan"]
[Black "Djukic, Zeljko"]
[Result "1-0"]
[WhiteElo "2243"]
[BlackElo "2378"]
[PlyCount "83"]
[EventDate "2009.04.04"]
[EventType "team-tourn"]
[EventRounds "11"]
[EventCountry "CRO"]
[SourceTitle "EXT 2010"]
[Source "ChessBase"]
[SourceDate "2010.11.25"]
[SourceVersion "1"]
[SourceVersionDate "2010.11.25"]
[SourceQuality "1"]

1. d4 Nf6 2. Nf3 e6 3. Bg5 c5 4. e3 Qb6 5. Qc1 Nc6 6. c3 d5 7. Nbd2 Bd7 8. Bd3 Rc8 9. 0-0 Be7 10. h3 a6 11. Qb1 h6 12. Bh4 cxd4 13. exd4 Nh5 14. Bxe7 Nxe7 15. Ne5 Nf6 16. a4 0-0 17. a5 Qc7 18. f4 Bb5 19. Bxb5 axb5 20. Qd3 b4 21. cxb4 Qc2 22. Nb3 Qxb2 23. Rfb1 Qc3 24. Nc5 Qxd3 25. Nexd3 Rb8 26. Ne5 Rfd8 27. b5 Ne4 28. Ncd7 f6 29. Nxb8 fxe5 30. Nc6 bxc6 31. b6 c5 32. b7 Nc6 33. Rb6 Rb8 34. Rxc6 Rxb7 35. a6 Ra7 36. Rb6 exd4 37. Rb7 Ra8 38. a7 Kh7 39. Rb8 Rxa7 40. Rxa7 d3 41. Kf1 c4 42. Rbb7 1-0

[Event "Treber Memorial 4th"]
[Site "Vinkovci"]
[Date "2007.03.03"]
[Round "3.5"]
[White "Lazic, Miroljub"]
[Black "Pavlovic, Dragan"]
[Result "1-0"]
[WhiteElo "2461"]
[BlackElo "2208"]
[PlyCount "47"]
[EventDate "2007.03.02"]
[EventType "swiss"]
[EventRounds "7"]
[EventCountry "CRO"]
[SourceTitle "CBM 117 Extra"]
[Source "ChessBase"]
[SourceDate "2007.05.09"]
[SourceVersion "1"]
[SourceVersionDate "2007.05.09"]
[SourceQuality "1"]

1. Nf3 Nf6 2. b3 g6 3. Bb2 Bg7 4. d4 d5 5. e3 0-0 6. Nbd2 a5 7. c4 a4 8. Bd3 Nbd7 9. 0-0 c5 10. bxa4 Re8 11. cxd5 Nxd5 12. Qb3 N5b6 13. Bb5 cxd4 14. Bxd4 e5 15. Bxb6 Qxb6 16. Rac1 Re7 17. Nc4 Qe6 18. Rfd1 e4 19. Nd6 Nb6 20. Nxc8 Rxc8 21. Qxe6 Rxe6 22. Rxc8+ Nxc8 23. Rd8+ Bf8 24. Nd4 1-0